[Event "CN Seniori 2012"]
[Site "Sarata Monteoru/Romania"]
[Date "2012.02.21"]
[Round "11.13"]
[White "Baciu, Stefan"]
[Black "Parligras, Mircea-Emilian"]
[Result "0-1"]
[WhiteElo "2222"]
[BlackElo "2650"]
[Annotator "Robot 4"]
[PlyCount "62"]
[EventDate "2012.??.??"]
[TimeControl "40/5400+30:900+30"]

1. d4 Nf6 2. c4 e6 3. Nc3 Bb4 4. e3 b6 5. Bd3 Bb7 6. Nf3 Ne4 7. O-O Nxc3 8.
bxc3 Bxc3 9. Rb1 Ba5 10. Ba3 d6 11. e4 O-O 12. Qe2 Re8 13. Rb3 e5 14. dxe5 dxe5
15. c5 Nc6 16. Bc4 Qf6 17. Rd1 Rad8 18. Bb2 Bc8 19. Rxd8 Rxd8 20. Bd5 bxc5 21.
Qb5 Bb6 22. h3 Bd7 23. Qe2 Be6 24. Rxb6 axb6 25. Bxc6 Bxa2 26. Nxe5 Qe6 27. Bb5
Qd6 28. Bd3 Be6 29. Bc2 Qd2 30. Bd3 Qxe2 31. Bxe2 Rd2 0-1

[Event "CN Seniori 2012"]
[Site "Sarata Monteoru/Romania"]
[Date "2012.02.21"]
[Round "11.15"]
[White "Petrisor, Adrian-Marian"]
[Black "Senetia, Teodor"]
[Result "1/2-1/2"]
[WhiteElo "2385"]
[BlackElo "2198"]
[Annotator "Robot 4"]
[PlyCount "125"]
[EventDate "2012.??.??"]
[TimeControl "40/5400+30:900+30"]

1. d4 Nf6 2. c4 c5 3. d5 e6 4. Nc3 exd5 5. cxd5 d6 6. Nf3 g6 7. Bf4 a6 8. a4
Bg7 9. e3 O-O 10. h3 Ne8 11. Be2 Nd7 12. O-O Qe7 13. Re1 Ne5 14. a5 Rb8 15. Nd2
b5 16. axb6 Rxb6 17. Qc2 Nc7 18. e4 g5 19. Be3 f5 20. exf5 Bxf5 21. Qc1 h6 22.
Nc4 Nxc4 23. Bxc4 Qf7 24. Ra2 Kh8 25. h4 gxh4 26. Bxh6 Qg6 27. Bxg7+ Kxg7 28.
Re3 Rf7 29. b3 Kh7 30. Ne2 Qg5 31. f4 Qf6 32. Kh2 Rg7 33. Ng1 Rb8 34. Nf3 Kh6
35. Ng5 Qg6 36. Qe1 Qh5 37. Bd3 Qg4 38. Qf2 Nxd5 39. Bxf5 Nxe3 40. Qxe3 Qxf5
41. Rxa6 Rd8 42. Qe6+ Qxe6 43. Nxe6 Rgg8 44. Nxd8 Rxd8 45. Kh3 Kh5 46. Ra7 Rb8
47. Rh7+ Kg6 48. Rxh4 Rxb3+ 49. Kg4 Rd3 50. f5+ Kg7 51. Rh1 c4 52. Kf4 c3 53.
g4 c2 54. Rc1 Rd4+ 55. Kf3 Rc4 56. g5 d5 57. Ke3 Re4+ 58. Kd3 Rg4 59. Rxc2 Rxg5
60. Rf2 Kf6 61. Kd4 Rxf5 62. Rxf5+ Kxf5 63. Kxd5 1/2-1/2

[Event "CN Seniori 2012"]
[Site "Sarata Monteoru/Romania"]
[Date "2012.02.21"]
[Round "11.16"]
[White "Horvat, Dan-Sebastian"]
[Black "Bonte, Andrei-Mihai"]
[Result "1-0"]
[WhiteElo "2197"]
[BlackElo "2380"]
[Annotator "Robot 4"]
[PlyCount "93"]
[EventDate "2012.??.??"]
[TimeControl "40/5400+30:900+30"]

1. e4 e5 2. Nf3 Nc6 3. Bc4 Bc5 4. c3 Nf6 5. d4 exd4 6. cxd4 Bb4+ 7. Bd2 Bxd2+
8. Nbxd2 d5 9. exd5 Nxd5 10. Qb3 Na5 11. Qa4+ Nc6 12. Qb5 Nb6 13. Ne5 O-O 14.
Nxc6 bxc6 15. Qxc6 Qxd4 16. O-O-O Rb8 17. Bb3 Bb7 18. Qc3 Qxc3+ 19. bxc3 Bxg2
20. Rhg1 Bd5 21. Rg5 Rfd8 22. c4 Be6 23. Rc5 Rd7 24. Ne4 Re7 25. Nc3 g6 26. Nb5
a5 27. Nd4 a4 28. Nc6 axb3 29. Nxe7+ Kf8 30. axb3 Kxe7 31. Rxc7+ Kf6 32. Kc2
Ke5 33. Rc5+ Kf4 34. Rb5 Kf3 35. Rd6 Nxc4 36. bxc4 Rc8 37. c5 Kxf2 38. c6 h5
39. Rc5 Rc7 40. Kc3 Kg2 41. Rd2+ Kh3 42. Kd4 g5 43. Rc3+ Kh4 44. Ke5 g4 45. Kf6
Rc8 46. c7 Ra8 47. Rd6 1-0

[Event "CN Seniori 2012"]
[Site "Sarata Monteoru/Romania"]
[Date "2012.02.21"]
[Round "11.17"]
[White "Popescu, Daniel-Dorin"]
[Black "Posedaru, Bogdan"]
[Result "0-1"]
[WhiteElo "2340"]
[BlackElo "2337"]
[Annotator "Robot 4"]
[PlyCount "86"]
[EventDate "2012.??.??"]
[TimeControl "40/5400+30:900+30"]

1. e4 c5 2. Nc3 Nc6 3. g3 g6 4. Bg2 Bg7 5. d3 d6 6. f4 e5 7. Nf3 Nge7 8. O-O
O-O 9. Nd5 exf4 10. Nxf4 b5 11. c3 Rb8 12. Be3 b4 13. d4 bxc3 14. bxc3 Qa5 15.
Qc2 cxd4 16. cxd4 Ba6 17. Rfd1 Rfc8 18. Qf2 Nb4 19. Rab1 Qa4 20. Ng5 Qc2 21.
Qf3 Nxa2 22. Rxb8 Rxb8 23. h3 Nc3 24. Rd2 Qb1+ 25. Kh2 Rf8 26. h4 h6 27. Ngh3
Bb7 28. Nf2 a5 29. g4 a4 30. g5 a3 31. gxh6 Bxh6 32. Nh5 Bxe3 33. Qxe3 gxh5 34.
Qxc3 a2 35. Rd1 Rc8 36. Qa1 Qc2 37. Nd3 Bxe4 38. Rg1 Bxd3 39. Kh1 Bg6 40. d5
Qb1 41. Bh3 Qxa1 42. Rxa1 Ra8 43. Bf1 Bb1 0-1

[Event "CN Seniori 2012"]
[Site "Sarata Monteoru/Romania"]
[Date "2012.02.21"]
[Round "11.18"]
[White "Dobre, Mihai"]
[Black "Ciobanu, Aurelian"]
[Result "1/2-1/2"]
[WhiteElo "1975"]
[BlackElo "2276"]
[Annotator "Robot 4"]
[PlyCount "80"]
[EventDate "2012.??.??"]
[TimeControl "40/5400+30:900+30"]

1. e4 g6 2. d4 Bg7 3. Nc3 d6 4. g3 a6 5. a4 Nc6 6. Be3 e5 7. d5 Nce7 8. Bg2 f5
9. Nge2 Nf6 10. exf5 gxf5 11. h3 O-O 12. Qd2 Qe8 13. Bh6 Bd7 14. a5 Rf7 15.
Bxg7 Rxg7 16. O-O-O b6 17. axb6 cxb6 18. f3 b5 19. g4 b4 20. Na2 a5 21. f4 e4
22. Nd4 fxg4 23. Ne6 Bxe6 24. dxe6 Nf5 25. Bxe4 Nxe4 26. Qd5 Nfg3 27. Rhe1 b3
28. Nc3 Nxc3 29. bxc3 bxc2 30. Rd3 Rb8 31. Kxc2 Qa4+ 32. Kd2 Qxf4+ 33. Rde3 Re8
34. hxg4 Rxg4 35. e7+ Kh8 36. Kd1 Qa4+ 37. Kc1 Qf4 38. Qd4+ Qxd4 39. cxd4 Nf5
40. Rf3 Rxe7 1/2-1/2

[Event "CN Seniori 2012"]
[Site "Sarata Monteoru/Romania"]
[Date "2012.02.13"]
[Round "11.19"]
[White "Gilea, Lucian"]
[Black "Malureanu, Costin-George"]
[Result "1/2-1/2"]
[WhiteElo "2261"]
[BlackElo "2139"]
[PlyCount "38"]
[EventDate "2012.??.??"]

1. d4 d5 2. Nf3 Nf6 3. c4 e6 4. Nc3 Nbd7 5. g3 c6 6. Bg2 Bd6 7. O-O O-O 8. e4
Nxe4 9. Nxe4 dxe4 10. Ng5 Nf6 11. Nxe4 Nxe4 12. Bxe4 f5 13. Bg2 e5 14. d5 e4
15. Be3 Be5 16. f3 cxd5 17. cxd5 exf3 18. Qxf3 Qf6 19. Rad1 Bd7 1/2-1/2

[Event "CN Seniori 2012"]
[Site "Sarata Monteoru/Romania"]
[Date "2012.02.21"]
[Round "11.20"]
[White "Tiron, Lucian-Ilie"]
[Black "Danilov, Vladimir"]
[Result "0-1"]
[WhiteElo "1846"]
[BlackElo "2440"]
[PlyCount "72"]
[EventDate "2012.??.??"]

1. e4 c6 2. Nc3 d5 3. Nf3 g6 4. exd5 cxd5 5. Bb5+ Nc6 6. Ne5 Bd7 7. d4 Nxe5 8.
dxe5 Bxb5 9. Nxb5 a6 10. Nd4 e6 11. c3 Bg7 12. f4 h5 13. Be3 Rc8 14. Qb3 Qc7
15. O-O Nh6 16. h3 Bf8 17. Rac1 Be7 18. Qd1 h4 19. b3 b5 20. c4 Ba3 21. Rc2
dxc4 22. bxc4 bxc4 23. Rc3 Qa5 24. Qc2 O-O 25. Nxe6 Nf5 26. Nxf8 Nxe3 27. Rxe3
Qb6 28. Rff3 Bc5 29. Kf2 Kxf8 30. Ke2 Bxe3 31. Rxe3 Qd6 32. Qc3 Kg8 33. Qe1 Qc6
34. Qxh4 c3 35. Rd3 Qe4+ 36. Re3 Qxg2+ 0-1

[Event "CN Seniori 2012"]
[Site "Sarata Monteoru/Romania"]
[Date "2012.02.21"]
[Round "11.21"]
[White "Paval, George"]
[Black "Dobre, Claudiu-Cristian"]
[Result "0-1"]
[WhiteElo "2229"]
[BlackElo "2354"]
[PlyCount "116"]
[EventDate "2012.??.??"]

1. e4 c6 2. d4 d5 3. Nc3 dxe4 4. Nxe4 Bf5 5. Ng3 Bg6 6. Bc4 e6 7. h4 h6 8. N1e2
Nf6 9. Nf4 Bh7 10. Qe2 Nd5 11. c3 Nxf4 12. Bxf4 Bd6 13. Nh5 Bxf4 14. Nxf4 Qf6
15. Nh5 Qg6 16. Kf1 Nd7 17. Re1 O-O-O 18. Nf4 Qc2 19. Bd3 Qxe2+ 20. Rxe2 Bxd3
21. Nxd3 g5 22. Ne5 Nxe5 23. Rxe5 g4 24. Ke2 Rd5 25. Rxd5 cxd5 26. Ke3 h5 27.
Kf4 f6 28. Re1 Kd7 29. g3 Rc8 30. f3 Rg8 31. fxg4 Rxg4+ 32. Kf3 f5 33. Re2 Ke7
34. Rg2 Kf6 35. Re2 b5 36. a3 a5 37. Re3 f4 38. gxf4 Rxh4 39. Kg3 Rg4+ 40. Kf3
Rg1 41. Re5 Rh1 42. Kg2 Rb1 43. Re2 b4 44. axb4 axb4 45. cxb4 Rd1 46. Kf3 Rd3+
47. Re3 Rxd4 48. Re5 Rd3+ 49. Kf2 h4 50. Rh5 h3 51. b5 Rb3 52. b6 Rxb6 53. Kg3
Rb3+ 54. Kg4 d4 55. Rh6+ Kg7 56. Rxe6 Re3 57. Rd6 d3 58. Rd7+ Kf6 0-1

[Event "CN Seniori 2012"]
[Site "Sarata Monteoru/Romania"]
[Date "2012.02.21"]
[Round "11.22"]
[White "Pessi, Emil-George"]
[Black "Tomici, Stefan"]
[Result "0-1"]
[WhiteElo "2272"]
[BlackElo "2147"]
[PlyCount "80"]
[EventDate "2012.??.??"]

1. e4 e5 2. Nf3 Nc6 3. Bb5 Nf6 4. Nc3 Bb4 5. O-O O-O 6. d3 d6 7. Bg5 Bxc3 8.
bxc3 h6 9. Bh4 Kh8 10. d4 g5 11. Bxc6 bxc6 12. dxe5 Nxe4 13. Re1 d5 14. Nxg5
hxg5 15. Rxe4 gxh4 16. Qh5+ Kg7 17. Rf4 Be6 18. Rf6 Rh8 19. Qg5+ Kf8 20. f4 Rg8
21. Qh6+ Ke8 22. f5 Bc8 23. e6 fxe6 24. fxe6 Qe7 25. Raf1 Ba6 26. R1f2 Rb8 27.
h3 Rb1+ 28. Kh2 Qd6+ 29. R2f4 Kd8 30. Qxh4 Kc8 31. Qh7 Re8 32. Qg6 Re7 33. h4
Kb7 34. h5 Rxe6 35. g3 Re2+ 36. Rf2 Qc5 37. Qf7 Ree1 38. Kh3 Be2 39. Rh2 Rh1
40. Rff2 Bxh5 0-1

[Event "CN Seniori 2012"]
[Site "Sarata Monteoru/Romania"]
[Date "2012.02.21"]
[Round "11.23"]
[White "Mosnegutu, Klauss"]
[Black "Telea, Stefan"]
[Result "0-1"]
[WhiteElo "2246"]
[BlackElo "2112"]
[PlyCount "104"]
[EventDate "2012.??.??"]

1. d4 Nf6 2. c4 g6 3. Nc3 d5 4. Bg5 Ne4 5. Nxe4 dxe4 6. Qd2 Bg7 7. e3 O-O 8.
Ne2 c5 9. d5 Nd7 10. Nc3 f6 11. Bh4 f5 12. f4 exf3 13. gxf3 Ne5 14. Be2 a6 15.
f4 Nf7 16. Rb1 Nd6 17. Bd3 b5 18. b3 Rb8 19. Ke2 Qc7 20. a4 b4 21. Nd1 e5 22.
Bg3 Qe7 23. Qe1 Bd7 24. Kf1 Rbe8 25. h4 exf4 26. Bxf4 Ne4 27. Bxe4 fxe4 28. Qg3
Rxf4+ 29. exf4 e3 30. Nxe3 Qxe3 31. Qxe3 Rxe3 32. Kg2 Bf5 33. Rhe1 Rd3 34. Re8+
Kf7 35. Rbe1 Bf6 36. Ra8 Bxh4 37. Ra7+ Kf8 38. Re5 Bh3+ 39. Kh2 Bg3+ 40. Kxh3
Bxf4+ 41. Kg2 Bxe5 42. Rxa6 g5 43. Ra8+ Kf7 44. a5 h5 45. a6 h4 46. a7 h3+ 47.
Kf2 Rd2+ 48. Ke3 Ra2 49. d6 Bxd6 50. Rh8 h2 51. Ke4 Rxa7 52. Kd5 Ra1 0-1

[Event "CN Seniori 2012"]
[Site "Sarata Monteoru/Romania"]
[Date "2012.02.21"]
[Round "11.24"]
[White "Spulber, Cicirone"]
[Black "Manole, Stefan"]
[Result "1-0"]
[WhiteElo "2244"]
[BlackElo "2082"]
[PlyCount "80"]
[EventDate "2012.??.??"]

1. d4 d5 2. c4 c6 3. Nf3 Nf6 4. Nc3 e6 5. g3 Bd6 6. Bg2 Nbd7 7. O-O O-O 8. Nd2
Bc7 9. e4 dxe4 10. Ndxe4 h6 11. f4 Qe7 12. Be3 Rd8 13. Qe2 Ne8 14. a3 f5 15.
Nd2 Ndf6 16. h3 Qf7 17. Nf3 Nh5 18. Bf2 Qg6 19. Kh2 Bxf4 20. gxf4 Nxf4 21. Nh4
Qf6 22. Qe3 g5 23. Nf3 Nd6 24. Ne5 Nxg2 25. Kxg2 Bd7 26. c5 f4 27. Ng4 Qg6 28.
Qe5 Nf5 29. Ne4 h5 30. Ngf6+ Kf7 31. Rae1 Rac8 32. Rg1 Be8 33. Kh2 g4 34. Qxf4
Bd7 35. h4 Ke7 36. Nxd7 Rxd7 37. Ng5 Ng7 38. Qe4 Qf6 39. Rgf1 Rd5 40. Bg3 Qxd4
1-0

[Event "CN Seniori 2012"]
[Site "Sarata Monteoru/Romania"]
[Date "2012.02.13"]
[Round "11.25"]
[White "Prodileanu, Adrian"]
[Black "Morea, Georgiana-Steluta"]
[Result "1-0"]
[WhiteElo "2204"]
[BlackElo "1882"]
[PlyCount "101"]
[EventDate "2012.??.??"]

1. c4 Nf6 2. g3 g6 3. Bg2 Bg7 4. Nf3 d6 5. Nc3 O-O 6. O-O e5 7. d3 Nh5 8. Rb1
f5 9. Qc2 Nd7 10. b4 Kh8 11. a4 Nhf6 12. Ba3 c6 13. Nd2 g5 14. a5 f4 15. a6 Rb8
16. Nb3 fxg3 17. hxg3 Ng4 18. Bf3 Ndf6 19. Na5 Qe8 20. Kg2 Qe6 21. Rh1 Nxf2 22.
Kxf2 g4 23. axb7 gxf3 24. exf3 Bd7 25. Kg2 Qf7 26. Qe2 Qg6 27. Ne4 Nh5 28. Rxh5
Qxh5 29. Rh1 Qg6 30. Bc1 Bf5 31. Be3 d5 32. Nf2 Rg8 33. Bxa7 Rbf8 34. b8=Q Rxb8
35. Bxb8 Rxb8 36. cxd5 cxd5 37. Rb1 Qb6 38. Qc2 Rc8 39. Qb3 Qb5 40. g4 Bg6 41.
Re1 Ra8 42. Rc1 Be8 43. Rc5 Qb6 44. Qxd5 Rb8 45. Nc6 Bxc6 46. Rxc6 Qxb4 47. Rc7
Rg8 48. Qc4 Qf8 49. Ne4 Qb8 50. Ng5 Rf8 51. Nf7+ 1-0

[Event "CN Seniori 2012"]
[Site "Sarata Monteoru/Romania"]
[Date "2012.02.13"]
[Round "11.26"]
[White "Bida, Mihai-Eugen"]
[Black "Deac, Bogdan-Daniel"]
[Result "1/2-1/2"]
[WhiteElo "2183"]
[BlackElo "1795"]
[PlyCount "141"]
[EventDate "2012.??.??"]

1. e4 e6 2. d4 d5 3. Nc3 Nf6 4. Bg5 Bb4 5. e5 h6 6. Bd2 Bxc3 7. bxc3 Ne4 8. Qg4
Kf8 9. Bc1 Nxc3 10. Bd3 Na4 11. h4 c5 12. Rh3 h5 13. Qf4 Bd7 14. Rf3 Be8 15.
Nh3 Nc6 16. dxc5 Qc7 17. Re3 d4 18. Re2 Nc3 19. Ng5 Kg8 20. Rd2 Qxe5+ 21. Qxe5
Nxe5 22. Be4 Nxe4 23. Nxe4 Rd8 24. Nd6 Bc6 25. Kf1 Nd7 26. Rxd4 Nxc5 27. Ba3
Ne4 28. Rad1 Nxd6 29. Bxd6 Kh7 30. c4 Rd7 31. c5 b6 32. cxb6 axb6 33. Bb4 Bd5
34. a3 Rc8 35. f3 Rc2 36. R4d2 Rdc7 37. Kf2 f6 38. Kg3 Rxd2 39. Rxd2 Rc4 40.
Rd3 g5 41. hxg5 fxg5 42. Rc3 b5 43. Kf2 h4 44. Kg1 Kg6 45. Kh2 Kf5 46. Re3 e5
47. Rd3 Bc6 48. Rd8 e4 49. Rf8+ Ke6 50. fxe4 Bxe4 51. Re8+ Kf6 52. Rf8+ Kg7 53.
Rd8 Bc6 54. Rd4 Rc2 55. Rd2 Rc1 56. Kh3 Kg6 57. Rd6+ Kh5 58. g4+ hxg3 59. Kxg3
Rc2 60. Rd2 Rc1 61. Rd6 Rg1+ 62. Kf2 Rg2+ 63. Kf1 Rc2 64. Rd2 Rc1+ 65. Kf2 Kg4
66. Rd4+ Kf5 67. Rd3 g4 68. Rc3 Rxc3 69. Bxc3 Ke4 70. Kg3 Bd7 71. Bb4 1/2-1/2

[Event "CN Seniori 2012"]
[Site "Sarata Monteoru/Romania"]
[Date "2012.02.21"]
[Round "11.29"]
[White "David, Alexandru-Vasile"]
[Black "Pribeanu, Mihail-Dacian"]
[Result "1-0"]
[WhiteElo "1968"]
[BlackElo "2186"]
[PlyCount "111"]
[EventDate "2012.??.??"]

1. d4 Nf6 2. Nf3 g6 3. Nbd2 Bg7 4. e4 d6 5. Bd3 O-O 6. O-O Nh5 7. Re1 e5 8. c3
Nc6 9. Nb3 a5 10. a4 Bg4 11. Be2 h6 12. Be3 Re8 13. dxe5 Nxe5 14. Nxe5 Bxe2 15.
Qxe2 Rxe5 16. Nd2 Qd7 17. f3 Re7 18. Qb5 Qxb5 19. axb5 b6 20. Ra4 Rae8 21. g4
Nf6 22. Kf2 Nd7 23. Bd4 Ne5 24. Bxe5 Rxe5 25. c4 h5 26. h3 R5e7 27. b3 f5 28.
gxf5 Bd4+ 29. Ke2 gxf5 30. Kd3 Bc5 31. Raa1 f4 32. e5 dxe5 33. Ne4 Rd8+ 34. Kc2
Be3 35. Rad1 Rxd1 36. Rxd1 Bd4 37. Nf6+ Kf7 38. Nd5 Re8 39. Nxc7 Rg8 40. Nd5
Bc5 41. Kd3 Rg2 42. Ke4 Ke6 43. Nc7+ Kf6 44. Rd5 Re2+ 45. Kd3 Re3+ 46. Kc2 Bb4
47. Rd3 Re2+ 48. Kc1 Re1+ 49. Rd1 Rxd1+ 50. Kxd1 Kf5 51. Nd5 Bc5 52. Nc3 Bd6
53. Ke2 Bc5 54. Ne4 Ke6 55. Nxc5+ bxc5 56. Kd3 1-0

[Event "CN Seniori 2012"]
[Site "Sarata Monteoru/Romania"]
[Date "2012.02.21"]
[Round "11.30"]
[White "Gulie, Cosmin"]
[Black "Fugulyan, Grigore"]
[Result "1/2-1/2"]
[WhiteElo "2133"]
[BlackElo "1958"]
[PlyCount "122"]
[EventDate "2012.??.??"]

1. e4 g6 2. d4 Bg7 3. Nf3 d6 4. Bc4 Nf6 5. Nc3 Nxe4 6. Bxf7+ Kxf7 7. Nxe4 Rf8
8. Be3 Kg8 9. c3 Nc6 10. O-O d5 11. Ned2 e5 12. dxe5 Nxe5 13. Nxe5 Bxe5 14. Qa4
c6 15. Bh6 Rf7 16. Nf3 b5 17. Qb4 a5 18. Qh4 Qxh4 19. Nxh4 b4 20. Rfe1 Bg7 21.
Bxg7 Kxg7 22. Nf3 bxc3 23. bxc3 Rb8 24. Ne5 Rc7 25. Rab1 Rxb1 26. Rxb1 Rb7 27.
Rxb7+ Bxb7 28. Kf1 Kf6 29. Nd7+ Ke7 30. Nc5 Bc8 31. Ke2 Kd6 32. Na4 c5 33. Ke3
Bd7 34. Nb2 Bb5 35. f4 Bf1 36. Kf2 Bb5 37. Ke3 Bd7 38. a3 Bf5 39. Nd3 Kc6 40.
Nb2 h5 41. g3 Kb5 42. Kd2 d4 43. a4+ Kc6 44. Nc4 Kd5 45. Nxa5 Bd7 46. c4+ Kd6
47. Nb7+ Kc6 48. Nd8+ Kc7 49. Nf7 Bxa4 50. Ne5 Be8 51. Kd3 Kd6 52. h3 g5 53.
Ke4 gxf4 54. Kxf4 Bd7 55. g4 hxg4 56. hxg4 Ba4 57. g5 Ke6 58. Nd3 Kd6 59. g6
Bd7 60. Nf2 Be6 61. Ne4+ Ke7 1/2-1/2

[Event "CN Seniori 2012"]
[Site "Sarata Monteoru/Romania"]
[Date "2012.02.21"]
[Round "11.31"]
[White "Ursan, Cornel-Marius"]
[Black "Neagu, Liviu"]
[Result "1-0"]
[WhiteElo "1990"]
[BlackElo "2122"]
[PlyCount "55"]
[EventDate "2012.??.??"]

1. e4 c5 2. Nf3 Nc6 3. d4 cxd4 4. Nxd4 e5 5. Nb5 d6 6. N1c3 a6 7. Na3 b5 8. Nd5
Nf6 9. Bg5 Be7 10. Bxf6 Bxf6 11. c4 b4 12. Nc2 a5 13. Be2 O-O 14. O-O Bg5 15.
Nce3 Nd4 16. Bg4 Be6 17. Qd3 g6 18. g3 f5 19. exf5 gxf5 20. Bh5 f4 21. Ng2 f3
22. Nge3 Bh6 23. Qe4 Ra7 24. Bg4 Bxg4 25. Nxg4 Qg5 26. h4 Qg7 27. Kh2 Kh8 28.
Rad1 1-0

[Event "CN Seniori 2012"]
[Site "Sarata Monteoru/Romania"]
[Date "2012.02.21"]
[Round "11.32"]
[White "Dumitrascu, Cornel"]
[Black "Badelita, Beniamin"]
[Result "1-0"]
[WhiteElo "2086"]
[BlackElo "1945"]
[PlyCount "89"]
[EventDate "2012.??.??"]

1. d4 d5 2. Nf3 Nf6 3. c4 c6 4. e3 a6 5. Nbd2 b5 6. b3 e6 7. Bd3 Bd6 8. O-O
Nbd7 9. e4 dxe4 10. Nxe4 Nxe4 11. Bxe4 Bb7 12. a4 Nf6 13. Bg5 h6 14. Bxf6 gxf6
15. axb5 axb5 16. cxb5 Qb6 17. bxc6 Rxa1 18. Qxa1 Ba6 19. Rc1 f5 20. c7 Bxc7
21. Rc6 Qb8 22. Rxa6 fxe4 23. Ra8 exf3 24. Rxb8+ Bxb8 25. Qa8 O-O 26. Qxf3 Bd6
27. g3 Rb8 28. Qc6 Bf8 29. d5 exd5 30. Qxd5 Rb4 31. Kf1 Rb6 32. f4 Rd6 33. Qb7
Rd1+ 34. Ke2 Rb1 35. Kf3 Rb2 36. h3 Rb1 37. Kg4 Rb2 38. h4 Rb1 39. Kf5 Rb2 40.
g4 Rc2 41. h5 Rf2 42. b4 Bd6 43. Qc8+ Kh7 44. Qc4 Kg8 45. Qd4 1-0

[Event "CN Seniori 2012"]
[Site "Sarata Monteoru/Romania"]
[Date "2012.02.21"]
[Round "11.33"]
[White "Baciu, Alexandru"]
[Black "Toma, Radu-Cristian"]
[Result "0-1"]
[WhiteElo "1688"]
[BlackElo "2052"]
[PlyCount "57"]
[EventDate "2012.??.??"]

1. d4 d5 2. c4 dxc4 3. e3 e6 4. Bxc4 a6 5. a4 Nf6 6. Nf3 c5 7. O-O Nc6 8. Nc3
cxd4 9. exd4 Nb4 10. Bg5 Be7 11. Re1 O-O 12. Ne5 b6 13. Qd2 h6 14. Bh4 Bb7 15.
Rad1 Nfd5 16. Bxe7 Qxe7 17. Ne4 Rfd8 18. Qe2 Rac8 19. Bb3 a5 20. Ng3 Nf4 21.
Qg4 Bd5 22. Bxd5 Nfxd5 23. Nh5 Qg5 24. Qf3 Nf6 25. Nxf6+ Qxf6 26. Qxf6 gxf6 27.
Ng4 Kg7 28. Ne3 Nc2 29. Rd2 0-1

[Event "CN Seniori 2012"]
[Site "Sarata Monteoru/Romania"]
[Date "2012.02.13"]
[Round "11.35"]
[White "Pisu, Robert-Daniel"]
[Black "Costachi, Mihnea"]
[Result "1/2-1/2"]
[WhiteElo "2037"]
[BlackElo "1937"]
[PlyCount "43"]
[EventDate "2012.??.??"]

1. c4 Nf6 2. Nc3 g6 3. e4 d6 4. f4 Bg7 5. Nf3 c5 6. d3 Nc6 7. h3 Nh5 8. g4 Ng3
9. Rg1 Nxf1 10. Kxf1 e6 11. Be3 Nd4 12. Bxd4 cxd4 13. Ne2 e5 14. f5 h5 15. Kf2
hxg4 16. hxg4 gxf5 17. exf5 Bd7 18. Rh1 Rxh1 19. Qxh1 Qb6 20. Qh7 Bf8 21. Ng5
O-O-O 22. Qxf7 1/2-1/2

[Event "CN Seniori 2012"]
[Site "Sarata Monteoru/Romania"]
[Date "2012.02.21"]
[Round "11.36"]
[White "Stoicescu, Horia"]
[Black "Anuta, Elefterie-Laurentiu"]
[Result "0-1"]
[WhiteElo "1909"]
[BlackElo "2017"]
[PlyCount "68"]
[EventDate "2012.??.??"]

1. e4 d6 2. c4 e5 3. Nf3 f5 4. exf5 Bxf5 5. d3 Be7 6. g3 Nc6 7. Bg2 Qd7 8. O-O
Bh3 9. Nc3 Bxg2 10. Kxg2 Nf6 11. b4 Nxb4 12. d4 exd4 13. Nxd4 Nc6 14. Nd5 Nxd5
15. cxd5 Nxd4 16. Qxd4 O-O 17. Rb1 c5 18. dxc6 bxc6 19. Bf4 d5 20. Rfd1 Bf6 21.
Qc5 h5 22. Rdc1 Rac8 23. Rb3 h4 24. h3 Be7 25. Qa5 g5 26. Be3 hxg3 27. fxg3 Qe6
28. Qd2 Qe4+ 29. Kh2 g4 30. hxg4 Rf7 31. Bh6 Qxg4 32. Re1 Bf8 33. Re5 Bxh6 34.
Qxh6 Rh7 0-1

[Event "CN Seniori 2012"]
[Site "Sarata Monteoru/Romania"]
[Date "2012.02.21"]
[Round "11.37"]
[White "Craciun, Ovidiu"]
[Black "Scripcaru, George-Daniel"]
[Result "0-1"]
[WhiteElo "2060"]
[BlackElo "1907"]
[PlyCount "70"]
[EventDate "2012.??.??"]

1. e4 Nf6 2. e5 Nd5 3. d4 d6 4. Nf3 Bg4 5. Be2 c6 6. O-O Bxf3 7. Bxf3 dxe5 8.
dxe5 e6 9. Qe2 Nd7 10. c4 Ne7 11. Bd2 Nf5 12. Bc3 Bc5 13. Nd2 Bd4 14. Be4 Bxc3
15. bxc3 Qe7 16. Rab1 Nc5 17. g4 Nh4 18. f4 g6 19. Nb3 h5 20. Nxc5 Qxc5+ 21.
Qf2 Qe7 22. g5 Nf5 23. Rb3 O-O 24. Rfb1 b6 25. Bxc6 Rac8 26. Bb5 Rfd8 27. a4
Rc5 28. R3b2 Qb7 29. a5 Qe4 30. Re1 Qd3 31. axb6 axb6 32. Rbb1 Qxc3 33. Rbc1
Qh3 34. Red1 Rxd1+ 35. Rxd1 Qg4+ 0-1

[Event "CN Seniori 2012"]
[Site "Sarata Monteoru/Romania"]
[Date "2012.02.13"]
[Round "11.38"]
[White "Gheorghiu, Calin"]
[Black "Bratu, Gheorghe"]
[Result "1-0"]
[WhiteElo "2003"]
[BlackElo "1876"]
[PlyCount "73"]
[EventDate "2012.??.??"]

1. e4 e5 2. Nf3 Nf6 3. d4 Nxe4 4. Bd3 d5 5. dxe5 Nc5 6. O-O Be7 7. Bf4 Nxd3 8.
Qxd3 O-O 9. Nbd2 c5 10. c3 Nc6 11. Rad1 Be6 12. Rfe1 Rc8 13. Nf1 Qa5 14. a3 Qa4
15. Ng5 Bxg5 16. Bxg5 Qg4 17. Qd2 h6 18. Bf4 d4 19. h3 Qg6 20. Ng3 Rfd8 21. Kh2
Bd5 22. Qe2 Bb3 23. Rd2 dxc3 24. bxc3 Rxd2 25. Bxd2 Rd8 26. Be3 b6 27. f4 Qd3
28. Qg4 Qxc3 29. Nf5 g6 30. Nxh6+ Kf8 31. Qh4 Rd6 32. exd6 Bd5 33. d7 Qxa3 34.
d8=Q+ Nxd8 35. Qxd8+ Kg7 36. Qh4 Qc3 37. Ng4 1-0

[Event "CN Seniori 2012"]
[Site "Sarata Monteoru/Romania"]
[Date "2012.02.21"]
[Round "11.39"]
[White "Ciortan, Mihail"]
[Black "Acsinte, Matei-Ionut"]
[Result "0-1"]
[WhiteElo "1721"]
[BlackElo "1997"]
[PlyCount "48"]
[EventDate "2012.??.??"]

1. b3 e5 2. Bb2 Nc6 3. c4 Nf6 4. Nf3 Bc5 5. d4 exd4 6. Nxd4 O-O 7. e3 Nxd4 8.
Bxd4 Bxd4 9. Qxd4 b6 10. Nc3 Bb7 11. f3 Qe7 12. Kf2 Rfe8 13. e4 Rad8 14. Re1 c6
15. Bd3 c5 16. Qe3 Ng4+ 17. fxg4 Qf6+ 18. Qf3 Qxc3 19. Re2 Re6 20. Kg3 Rf6 21.
Qe3 Qe5+ 22. Kh4 Rh6+ 23. Qxh6 gxh6 24. Rf1 Qxh2# 0-1

[Event "CN Seniori 2012"]
[Site "Sarata Monteoru/Romania"]
[Date "2012.02.21"]
[Round "11.40"]
[White "Lupascu, Matei-Alexandru"]
[Black "Vrencian, Lehel"]
[Result "1-0"]
[WhiteElo "1979"]
[BlackElo "1874"]
[PlyCount "69"]
[EventDate "2012.??.??"]

1. d4 Nf6 2. c4 e6 3. Nf3 c5 4. d5 exd5 5. cxd5 d6 6. Nc3 g6 7. e4 Bg7 8. Bd3
O-O 9. O-O Re8 10. Re1 a6 11. a4 b6 12. h3 Nbd7 13. Bf4 Qc7 14. Qd2 Nh5 15. Bh2
c4 16. Bc2 Bb7 17. Rad1 Qc5 18. Qe3 Qb4 19. Rb1 Nhf6 20. Qf4 Ne5 21. Nxe5 Rxe5
22. Qd2 Ree8 23. Kh1 Rad8 24. Bf4 Nd7 25. Bg5 Rc8 26. f4 Nc5 27. f5 Be5 28. Bf4
Nb3 29. Bxb3 cxb3 30. Bxe5 Rxe5 31. Qh6 Kh8 32. fxg6 fxg6 33. Rf1 Rg8 34. Rf7
Rh5 35. Rxh7# 1-0

[Event "CN Seniori 2012"]
[Site "Sarata Monteoru/Romania"]
[Date "2012.02.13"]
[Round "11.41"]
[White "Tudose, Cristian"]
[Black "Fulger, Ionut"]
[Result "1/2-1/2"]
[WhiteElo "1854"]
[BlackElo "1946"]
[PlyCount "101"]
[EventDate "2012.??.??"]

1. e4 e6 2. d4 d5 3. Nc3 Bb4 4. e5 c5 5. a3 Bxc3+ 6. bxc3 Qa5 7. Bd2 Qa4 8. Qg4
Kf8 9. Bd3 Ne7 10. Nf3 Nbc6 11. O-O Nf5 12. Bxf5 exf5 13. Qg5 Qxc2 14. dxc5 h6
15. Qe3 Qe4 16. Rfe1 Ke7 17. Nd4 Qxe3 18. Nxc6+ Kd7 19. Bxe3 Kxc6 20. Rab1 Be6
21. Re2 Rab8 22. Reb2 g5 23. f3 f4 24. Bf2 Rhg8 25. Rb4 Rg6 26. Kf1 Bf5 27. Rd1
Re8 28. Bd4 g4 29. fxg4 Rxg4 30. Rd2 Be4 31. h3 Rg3 32. Rf2 Bd3+ 33. Kg1 Reg8
34. Kh2 Be4 35. Rbb2 f3 36. gxf3 Bxf3 37. Be3 Be4 38. Bxh6 f5 39. exf6 Rg1 40.
Bg7 R8xg7 41. fxg7 Rxg7 42. h4 Kxc5 43. Rb4 a5 44. Rd4 Kd6 45. c4 Ke5 46. Rfd2
Rg2+ 47. Rxg2 Kxd4 48. cxd5 Bxg2 49. Kxg2 Kxd5 50. Kf3 b5 51. h5 1/2-1/2